[Event "43. Olimpiada Batumi 2018 Femenina"]
[Site "Batumi GEO"]
[Date "2018.10.03"]
[Round "9.3"]
[White "Alvarez Gutierrez, Patricia"]
[Black "Mazariegos, Silvia Carolina"]
[Result "1/2-1/2"]
[WhiteElo "1623"]
[BlackElo "1922"]
[PlyCount "92"]
[EventDate "2018.09.24"]
[EventType "team-swiss"]
[EventRounds "11"]
[EventCountry "GEO"]
[SourceTitle "Ajedrez en Madrid"]
[Source "lmi"]
[SourceDate "2018.09.24"]
[WhiteTeam "Nicaragua"]
[BlackTeam "Guatemala"]
[WhiteTeamCountry "NCA"]
[BlackTeamCountry "GUA"]

1. d4 d6 2. Nf3 c6 3. c4 Nf6 4. Nc3 Nbd7 5. e4 Qa5 6. Bd2 e5 7. Be2 Qc7 8. Rc1
Be7 9. b3 O-O 10. O-O Re8 11. Re1 Nf8 12. h3 h6 13. Be3 g5 14. Nh2 Ng6 15. Ng4
Bxg4 16. Bxg4 Bf8 17. Qf3 Bg7 18. d5 c5 19. Bf5 Nh4 20. Qe2 Ng6 21. g3 Ne7 22.
Qf3 a6 23. Kg2 Rab8 24. Rb1 Nxf5 25. Qxf5 Qd7 26. Qxd7 Nxd7 27. g4 Bf8 28. a4
Be7 29. f3 Bd8 30. Ne2 b5 31. axb5 axb5 32. Bd2 b4 33. Ra1 Be7 34. Ra6 Ra8 35.
Rea1 Rxa6 36. Rxa6 Rd8 37. Ng3 Bf8 38. Nf5 Nf6 39. Kf2 Ne8 40. Ke2 Nc7 41. Ra7
Rc8 42. Kd3 Kh7 43. Kc2 Kg6 44. Kb2 h5 45. Kb1 hxg4 46. hxg4 f6 1/2-1/2

[Event "43. Olimpiada Batumi 2018 Femenina"]
[Site "Batumi GEO"]
[Date "2018.10.03"]
[Round "9.1"]
[White "Ptacnikova, Lenka"]
[Black "Shabanaj, Eglantina"]
[Result "1-0"]
[WhiteElo "2211"]
[BlackElo "1953"]
[PlyCount "141"]
[EventDate "2018.09.24"]
[EventType "team-swiss"]
[EventRounds "11"]
[EventCountry "GEO"]
[SourceTitle "Ajedrez en Madrid"]
[Source "lmi"]
[SourceDate "2018.09.24"]
[WhiteTeam "Iceland"]
[BlackTeam "Albania"]
[WhiteTeamCountry "ISL"]
[BlackTeamCountry "ALB"]

1. c4 e6 2. g3 Nf6 3. Bg2 d5 4. Nf3 Be7 5. O-O O-O 6. b3 d4 7. d3 c5 8. e3 Nc6
9. exd4 cxd4 10. Re1 Bd6 11. Ba3 e5 12. c5 Bc7 13. Nbd2 Bg4 14. Nc4 Re8 15. h3
Bd7 16. b4 a6 17. Qb3 Be6 18. Bb2 Nd7 19. a3 Rb8 20. Qc2 f5 21. Re2 Qf6 22.
Rae1 Bf7 23. g4 g6 24. g5 Qg7 25. h4 Rbd8 26. Nfd2 Nf8 27. Nd6 Bxd6 28. cxd6
Rxd6 29. Nc4 Bxc4 30. Qxc4+ Kh8 31. Qc5 Rde6 32. Bd5 Nd7 33. Qc2 Rd6 34. Qb3 f4
35. Bxc6 bxc6 36. Qa4 Qf7 37. Qxa6 Qf5 38. f3 Qh3 39. Rf1 Qxh4 40. Rg2 Qh3 41.
a4 Qe6 42. Qc4 Nb6 43. Qxe6 Rdxe6 44. Ra1 Nd5 45. Ba3 Ra8 46. a5 Nc3 47. Bb2
Nb5 48. Rc2 Ra6 49. Re1 Ra7 50. Rc5 Rae7 51. Rec1 Na7 52. b5 cxb5 53. Ba3 b4
54. Bxb4 Rb7 55. R1c4 Nb5 56. Rd5 Kg7 57. Rc8 Na7 58. Ra8 Nc6 59. Bd6 Rb1+ 60.
Kf2 Rb2+ 61. Ke1 h6 62. Bf8+ Kf7 63. gxh6 Rh2 64. Rd7+ Kf6 65. h7 Kf5 66. Bc5
Nxa5 67. Rf7+ Rf6 68. Rxf6+ Kxf6 69. h8=Q+ Rxh8 70. Rxh8 Nb3 71. Ba3 1-0

[Event "43. Olimpiada Batumi 2018 Femenina"]
[Site "Batumi GEO"]
[Date "2018.10.03"]
[Round "9.2"]
[White "Shabanaj, Alda"]
[Black "Thorsteinsdottir, Gudlaug"]
[Result "1-0"]
[WhiteElo "1853"]
[BlackElo "1981"]
[PlyCount "111"]
[EventDate "2018.09.24"]
[EventType "team-swiss"]
[EventRounds "11"]
[EventCountry "GEO"]
[SourceTitle "Ajedrez en Madrid"]
[Source "lmi"]
[SourceDate "2018.09.24"]
[WhiteTeam "Albania"]
[BlackTeam "Iceland"]
[WhiteTeamCountry "ALB"]
[BlackTeamCountry "ISL"]

1. d4 Nf6 2. Nf3 e6 3. e3 d5 4. Bd3 Nbd7 5. O-O Bd6 6. Nbd2 c5 7. c3 O-O 8. Qe2
Re8 9. e4 e5 10. dxe5 Nxe5 11. Nxe5 dxe4 12. Nxe4 Bxe5 13. Bg5 Bf5 14. Rad1
Bxh2+ 15. Kh1 Bxe4 16. Bxe4 Qe7 17. Bxh7+ Kxh7 18. Qxe7 Rxe7 19. Kxh2 Re2 20.
Bxf6 gxf6 21. Rd7 Rxb2 22. Rxf7+ Kg6 23. Rc7 b6 24. f4 Kf5 25. Rg7 Rd8 26. Kh3
Rd3+ 27. Kh4 Rxa2 28. g4+ Ke6 29. Rh1 Rdd2 30. f5+ Kd5 31. Rf7 Rh2+ 32. Rxh2
Rxh2+ 33. Kg3 Rh6 34. Rxa7 Kc4 35. Rb7 b5 36. Kf4 b4 37. cxb4 cxb4 38. Rc7+ Kd3
39. Rd7+ Kc2 40. Rc7+ Kb2 41. Rc6 b3 42. Kg3 Ka2 43. g5 Rh8 44. Ra6+ Kb1 45.
Rxf6 Rb8 46. Re6 Kc2 47. Re1 b2 48. g6 b1=Q 49. Rxb1 Rxb1 50. Kf4 Kd3 51. f6
Rf1+ 52. Kg5 Ke4 53. f7 Rf5+ 54. Kg4 Rf4+ 55. Kh3 Rf6 56. g7 1-0

[Event "43. Olimpiada Batumi 2018 Femenina"]
[Site "Batumi GEO"]
[Date "2018.10.03"]
[Round "9.3"]
[White "Davidsdottir, Nansy"]
[Black "Gjergji, Rozana"]
[Result "0-1"]
[WhiteElo "1945"]
[BlackElo "1924"]
[PlyCount "124"]
[EventDate "2018.09.24"]
[EventType "team-swiss"]
[EventRounds "11"]
[EventCountry "GEO"]
[SourceTitle "Ajedrez en Madrid"]
[Source "lmi"]
[SourceDate "2018.09.24"]
[WhiteTeam "Iceland"]
[BlackTeam "Albania"]
[WhiteTeamCountry "ISL"]
[BlackTeamCountry "ALB"]

1. e4 d5 2. exd5 Qxd5 3. Nc3 Qa5 4. d4 c6 5. Bc4 Nf6 6. Nf3 Bg4 7. h3 Bh5 8.
Qe2 Nbd7 9. g4 Bg6 10. Bd2 Qc7 11. Ne5 e6 12. Nxg6 hxg6 13. g5 Nh5 14. Ne4
O-O-O 15. O-O-O Nb6 16. c3 Nf4 17. Qf3 Nfd5 18. Bb3 a5 19. a4 Rd7 20. c4 Nb4
21. Bf4 Qd8 22. c5 N6d5 23. Nd6+ Bxd6 24. Bxd6 Qxg5+ 25. Kb1 Qf5+ 26. Qxf5 gxf5
27. Rdg1 g6 28. h4 Nd3 29. f3 N3f4 30. Bd1 Rh5 31. Rg5 Rd8 32. Rxh5 Nxh5 33.
Bb3 Nhf4 34. Bxd5 Nxd5 35. h5 Rh8 36. h6 Rh7 37. Bf8 Nf4 38. Kc2 Kd7 39. Kc3
Nh5 40. b4 axb4+ 41. Kxb4 Rh8 42. Bd6 Rxh6 43. Ka5 Rh8 44. Kb6 Ra8 45. Kxb7
Rxa4 46. Rb1 Nf6 47. Kb8 Nd5 48. Rb7+ Ke8 49. Kc8 Ra8+ 50. Bb8 Ne7+ 51. Kc7 Ra4
52. Ba7 Kf8 53. Rb8+ Kg7 54. Bb6 Rxd4 55. Re8 Kf6 56. Kb7 Rd7+ 57. Kb8 e5 58.
Bc7 e4 59. f4 e3 60. Be5+ Ke6 61. Rh8 e2 62. Bc3 Rd1 0-1

[Event "43. Olimpiada Batumi 2018 Femenina"]
[Site "Batumi GEO"]
[Date "2018.10.03"]
[Round "9.4"]
[White "Tuzi, Bruna"]
[Black "Fridthjofsdottir, Sigurl. Regina"]
[Result "1-0"]
[WhiteElo "1813"]
[BlackElo "1724"]
[PlyCount "93"]
[EventDate "2018.09.24"]
[EventType "team-swiss"]
[EventRounds "11"]
[EventCountry "GEO"]
[SourceTitle "Ajedrez en Madrid"]
[Source "lmi"]
[SourceDate "2018.09.24"]
[WhiteTeam "Albania"]
[BlackTeam "Iceland"]
[WhiteTeamCountry "ALB"]
[BlackTeamCountry "ISL"]

1. e4 e6 2. d4 d5 3. e5 c5 4. c3 Nc6 5. Nf3 Qb6 6. a3 cxd4 7. cxd4 Nh6 8. b4
Nf5 9. Bb2 Bd7 10. Be2 Rc8 11. O-O Be7 12. Ra2 O-O 13. Bc3 a6 14. h3 Rfd8 15.
Rb2 Qa7 16. a4 b6 17. g4 Nh4 18. Nxh4 Bxh4 19. Qd2 Ne7 20. Bd1 Rc7 21. Bc2 Rdc8
22. g5 f5 23. gxf6 Nf5 24. fxg7 Be8 25. Bxf5 exf5 26. Qf4 Rxg7+ 27. Kh1 Bg5 28.
Qxf5 Qb7 29. f4 Bg6 30. Qe6+ Bf7 31. Qg4 Be7 32. Qf3 Bg6 33. f5 Rf8 34. Rg1
Rxf5 35. Qe3 Rh5 36. Rf2 Be4+ 37. Kh2 Rxg1 38. Kxg1 Rg5+ 39. Kh2 Bd8 40. Nd2
Bg6 41. Rg2 Rxg2+ 42. Kxg2 Qe7 43. Qf3 Qe6 44. a5 bxa5 45. bxa5 Bg5 46. Bb4
Bxd2 47. Qf8# 1-0

[Event "43. Olimpiada Batumi 2018 Femenina"]
[Site "Batumi GEO"]
[Date "2018.10.03"]
[Round "9.1"]
[White "Nouman, Amna"]
[Black "Samaganova, Alexandra"]
[Result "1-0"]
[WhiteElo "1909"]
[BlackElo "2024"]
[PlyCount "205"]
[EventDate "2018.09.24"]
[EventType "team-swiss"]
[EventRounds "11"]
[EventCountry "GEO"]
[SourceTitle "Ajedrez en Madrid"]
[Source "lmi"]
[SourceDate "2018.09.24"]
[WhiteTeam "United Arab Emirates"]
[BlackTeam "Kyrgyzstan"]
[WhiteTeamCountry "UAE"]
[BlackTeamCountry "KGZ"]

1. e4 c5 2. Nf3 e6 3. g3 Nc6 4. Bg2 Nf6 5. Qe2 d6 6. O-O Be7 7. c3 O-O 8. d4
cxd4 9. Nxd4 Qc7 10. Be3 a6 11. h3 Rd8 12. Nd2 d5 13. exd5 Nxd5 14. Nxc6 bxc6
15. Bd4 f6 16. f4 Rb8 17. Nc4 Bf8 18. Rfe1 Re8 19. Be4 Bb7 20. Qc2 g6 21. Re2
c5 22. Bf2 Bg7 23. Rae1 Rbd8 24. f5 e5 25. fxg6 hxg6 26. Bxg6 Re7 27. Be4 Bh6
28. Ne3 Nxe3 29. Bxe3 Bxe3+ 30. Rxe3 Rg7 31. Qb3+ c4 32. Qc2 Bc8 33. Bg2 Qc5
34. Kh2 Rg5 35. h4 Rg7 36. Be4 Bg4 37. Qf2 Rd6 38. Bf3 Be6 39. Be4 Bg4 40. Bf5
Bxf5 41. Qxf5 Rd2+ 42. Kh3 Qc6 43. Qe4 Qe6+ 44. g4 Rxb2 45. R3e2 Rbb7 46. Rd1
Rbd7 47. Red2 Rxd2 48. Rxd2 Qc8 49. Qd5+ Kh7 50. Qe4+ Kh8 51. Rd6 Qf8 52. Rxa6
Rd7 53. Ra8 Rd3+ 54. Kg2 Rd8 55. Ra7 Qh6 56. g5 Qh5 57. Ra8 Rxa8 58. Qxa8+ Kg7
59. gxf6+ Kf7 60. Qb7+ Ke6 61. Qc6+ Kf7 62. Qxc4+ Kxf6 63. Qc6+ Ke7 64. Qc5+
Ke6 65. Qc4+ Ke7 66. Qe4 Ke6 67. c4 Qh8 68. Kf3 Qf8+ 69. Ke2 Qa3 70. Qd5+ Ke7
71. Qxe5+ Kd7 72. Qf5+ Kc7 73. Qf4+ Kc8 74. Qf5+ Kc7 75. Qf4+ Kc8 76. h5 Qxa2+
77. Kf1 Qa1+ 78. Kg2 Qg7+ 79. Kh3 Qc3+ 80. Kh4 Qe1+ 81. Kg5 Qe7+ 82. Kg6 Qe6+
83. Kg7 Qe7+ 84. Qf7 Qe5+ 85. Kg8 Qg5+ 86. Kh7 Qe3 87. h6 Qe4+ 88. Kg8 Qg4+ 89.
Kf8 Qd4 90. h7 Qh8+ 91. Ke7 Qd8+ 92. Ke6 Qb6+ 93. Kd5 Qa5+ 94. Ke4 Qe1+ 95. Kf5
Qf2+ 96. Kg6 Qg3+ 97. Kf6 Qc3+ 98. Ke7 Qb4+ 99. Ke8 Qa4+ 100. Kf8 Qa3+ 101. Kg8
Qg3+ 102. Qg7 Qe3 103. h8=Q 1-0

[Event "43. Olimpiada Batumi 2018 Femenina"]
[Site "Batumi GEO"]
[Date "2018.10.03"]
[Round "9.2"]
[White "Omurbekova, Diana"]
[Black "Al Maamari, Wafia Darwish"]
[Result "1/2-1/2"]
[WhiteElo "1877"]
[BlackElo "1774"]
[PlyCount "132"]
[EventDate "2018.09.24"]
[EventType "team-swiss"]
[EventRounds "11"]
[EventCountry "GEO"]
[SourceTitle "Ajedrez en Madrid"]
[Source "lmi"]
[SourceDate "2018.09.24"]
[WhiteTeam "Kyrgyzstan"]
[BlackTeam "United Arab Emirates"]
[WhiteTeamCountry "KGZ"]
[BlackTeamCountry "UAE"]

1. e4 c5 2. Nf3 Nc6 3. d3 g6 4. g3 Bg7 5. Bg2 e5 6. Nc3 Nge7 7. Be3 d6 8. Qd2
Nd4 9. O-O O-O 10. Nd1 b5 11. c3 Nxf3+ 12. Bxf3 Bb7 13. Bh6 f5 14. Bg2 f4 15.
Bxg7 Kxg7 16. f3 g5 17. Nf2 h5 18. d4 cxd4 19. cxd4 Nc6 20. dxe5 dxe5 21. Qxd8
Raxd8 22. gxf4 gxf4 23. Rfd1 Nd4 24. h4 Rc8 25. Rd2 Rfd8 26. Nd3 Kf6 27. Kf2
Nc2 28. Rad1 Ne3 29. Rg1 Rd4 30. Bf1 Rcd8 31. Be2 b4 32. Rc1 R8d6 33. Nc5 Rxd2
34. Nxb7 Rd7 35. Rc6+ Kf7 36. Nc5 Rd8 37. Rc7+ Kf6 38. Rxa7 Rg8 39. Ra6+ Kf7
40. Ra7+ Kg6 41. Ke1 Rxb2 42. Nd3 Rb1+ 43. Kd2 Nc4+ 44. Kc2 Rh1 45. Kb3 Rc8 46.
Nxb4 Nd2+ 47. Ka4 Rxh4 48. Nd5 Rb8 49. Ne7+ Kf6 50. Nc6 Rb1 51. Rd7 Nf1 52. Bc4
Rh2 53. Rf7+ Kg5 54. Nxe5 Ne3 55. Bb3 h4 56. Nd3 Rd2 57. Nxf4 Ra1 58. Nh3+ Kg6
59. Rf4 Kh5 60. Bf7+ Kh6 61. Rxh4+ Kg7 62. Rf4 Ng2 63. Rf5 Ne3 64. Rf4 Ng2 65.
Rf5 Ne3 66. Rf4 Ng2 1/2-1/2

[Event "43. Olimpiada Batumi 2018 Femenina"]
[Site "Batumi GEO"]
[Date "2018.10.03"]
[Round "9.3"]
[White "Almaini, Aishah Sarhan"]
[Black "Zairbek kyzy, Begimay"]
[Result "0-1"]
[WhiteElo "1490"]
[BlackElo "1770"]
[PlyCount "112"]
[EventDate "2018.09.24"]
[EventType "team-swiss"]
[EventRounds "11"]
[EventCountry "GEO"]
[SourceTitle "Ajedrez en Madrid"]
[Source "lmi"]
[SourceDate "2018.09.24"]
[WhiteTeam "United Arab Emirates"]
[BlackTeam "Kyrgyzstan"]
[WhiteTeamCountry "UAE"]
[BlackTeamCountry "KGZ"]

1. d4 d5 2. c4 e6 3. Nc3 Nf6 4. cxd5 exd5 5. Bg5 Be7 6. e3 Nbd7 7. Qc2 c6 8.
Bd3 O-O 9. Nf3 Re8 10. O-O Nf8 11. Bxf6 Bxf6 12. b4 Bg4 13. Nd2 Rc8 14. a4 Re6
15. Bf5 Bxf5 16. Qxf5 Be7 17. Rab1 Rf6 18. Qd3 Rh6 19. Rfc1 Bd6 20. g3 Qg5 21.
Qf1 Re8 22. Qg2 Nd7 23. b5 Nf6 24. bxc6 bxc6 25. Nf3 Qf5 26. Rb7 Ng4 27. Nd1
Qd3 28. Rxa7 Rf6 29. Ra1 Qe2 30. a5 Rxf3 31. Nc3 Qxf2+ 32. Qxf2 Rxf2 33. h3 Rc2
34. hxg4 Rxc3 35. a6 Rcxe3 36. Rd7 Bf8 37. a7 Re1+ 38. Rxe1 Rxe1+ 39. Kf2 Ra1
40. Ke2 g5 41. Kd3 Kg7 42. Kc3 h6 43. Kb2 Ra6 44. Kb3 c5 45. dxc5 Bxc5 46. Rxd5
Bxa7 47. Kb4 Re6 48. Rd7 Bf2 49. Rd3 Re4+ 50. Kc3 Rxg4 51. Kd2 Bxg3 52. Ke2 Bf4
53. Kf2 h5 54. Rd5 Kg6 55. Kf3 Rg3+ 56. Kf2 h4 0-1

[Event "43. Olimpiada Batumi 2018 Femenina"]
[Site "Batumi GEO"]
[Date "2018.10.03"]
[Round "9.4"]
[White "Usupbekova, Zarina"]
[Black "Rouda Essa, Alserkal"]
[Result "1-0"]
[WhiteElo "1572"]
[BlackElo "1494"]
[PlyCount "59"]
[EventDate "2018.09.24"]
[EventType "team-swiss"]
[EventRounds "11"]
[EventCountry "GEO"]
[SourceTitle "Ajedrez en Madrid"]
[Source "lmi"]
[SourceDate "2018.09.24"]
[WhiteTeam "Kyrgyzstan"]
[BlackTeam "United Arab Emirates"]
[WhiteTeamCountry "KGZ"]
[BlackTeamCountry "UAE"]

1. e4 e5 2. Nc3 Nf6 3. f4 d5 4. fxe5 Nxe4 5. Nf3 Be7 6. d3 Nxc3 7. bxc3 c5 8.
Be2 O-O 9. O-O Nc6 10. Bf4 f6 11. Qd2 Qa5 12. Rab1 fxe5 13. Nxe5 Bf6 14. Nxc6
bxc6 15. Bd6 Rd8 16. Rxf6 gxf6 17. Be7 Re8 18. Bxf6 Bf5 19. Qg5+ Bg6 20. Bh5
Qc7 21. Bxg6 hxg6 22. Qxg6+ Kf8 23. Qh6+ Kg8 24. Qh8+ Kf7 25. Qg7+ Ke6 26. Re1+
Kd6 27. Be5+ Rxe5 28. Qxe5+ Kd7 29. Qe6+ Kd8 30. Qe8# 1-0

[Event "43. Olimpiada Batumi 2018 Femenina"]
[Site "Batumi GEO"]
[Date "2018.10.03"]
[Round "9.1"]
[White "Arakhamia-Grant, Ketevan"]
[Black "Baptista, Ana Filipa"]
[Result "1-0"]
[WhiteElo "2345"]
[BlackElo "2008"]
[PlyCount "45"]
[EventDate "2018.09.24"]
[EventType "team-swiss"]
[EventRounds "11"]
[EventCountry "GEO"]
[SourceTitle "Ajedrez en Madrid"]
[Source "lmi"]
[SourceDate "2018.09.24"]
[WhiteTeam "Scotland"]
[BlackTeam "Portugal"]
[WhiteTeamCountry "SCO"]
[BlackTeamCountry "POR"]

1. e4 c5 2. Nf3 e6 3. d4 cxd4 4. Nxd4 Nf6 5. Nc3 d6 6. Be2 a6 7. f4 Qc7 8. O-O
Nc6 9. Be3 Be7 10. Kh1 Bd7 11. Qe1 b5 12. a3 Nxd4 13. Bxd4 e5 14. fxe5 dxe5 15.
Qg3 Bc6 16. Bxe5 Qb7 17. Rad1 h5 18. Qxg7 Rg8 19. Qh6 Nxe4 20. Bf3 Rg6 21. Qh8+
Bf8 22. Nxe4 Bxe4 23. Rfe1 1-0

[Event "43. Olimpiada Batumi 2018 Femenina"]
[Site "Batumi GEO"]
[Date "2018.10.03"]
[Round "9.2"]
[White "Jorge, Rita Maria Osorio"]
[Black "Roy, Ali"]
[Result "1/2-1/2"]
[WhiteElo "1870"]
[BlackElo "1923"]
[PlyCount "101"]
[EventDate "2018.09.24"]
[EventType "team-swiss"]
[EventRounds "11"]
[EventCountry "GEO"]
[SourceTitle "Ajedrez en Madrid"]
[Source "lmi"]
[SourceDate "2018.09.24"]
[WhiteTeam "Portugal"]
[BlackTeam "Scotland"]
[WhiteTeamCountry "POR"]
[BlackTeamCountry "SCO"]

1. e4 e6 2. d4 d5 3. Nd2 c5 4. exd5 exd5 5. Bb5+ Nc6 6. Qe2+ Be7 7. Ngf3 Nf6 8.
O-O O-O 9. dxc5 Bxc5 10. Nb3 Bb6 11. Bg5 h6 12. Bh4 Bf5 13. Rad1 g5 14. Bxc6
bxc6 15. Bg3 Ne4 16. Nfd4 Bd7 17. c4 c5 18. Nb5 Nxg3 19. hxg3 d4 20. Nd6 f5 21.
Qe5 Qf6 22. Qd5+ Qe6 23. Rfe1 Qxd5 24. cxd5 Rf6 25. Nb7 c4 26. N3c5 Bc8 27. d6
Bxb7 28. Nxb7 d3 29. d7 Kf7 30. Re5 Rb8 31. Nc5 Rd6 32. Rxf5+ Kg6 33. Re5 Bxc5
34. Rxc5 Rxd7 35. Rxc4 Rxb2 36. Rc3 Rxa2 37. Rcxd3 Rxd3 38. Rxd3 Ra1+ 39. Kh2
Kf5 40. Rd6 Ra2 41. Rxh6 Rxf2 42. Ra6 Rb2 43. Rxa7 Rb8 44. Ra5+ Kg4 45. Ra4+
Kf5 46. g4+ Ke5 47. g3 Rb2+ 48. Kh3 Rc2 49. Ra5+ Kf6 50. Ra6+ Kf7 51. Ra7+
1/2-1/2

[Event "43. Olimpiada Batumi 2018 Femenina"]
[Site "Batumi GEO"]
[Date "2018.10.03"]
[Round "9.4"]
[White "Silva, Ana Ines Teixeira D"]
[Black "Reid, Caitlin"]
[Result "1-0"]
[WhiteElo "1890"]
[BlackElo "1488"]
[PlyCount "36"]
[EventDate "2018.09.24"]
[EventType "team-swiss"]
[EventRounds "11"]
[EventCountry "GEO"]
[SourceTitle "Ajedrez en Madrid"]
[Source "lmi"]
[SourceDate "2018.09.24"]
[WhiteTeam "Portugal"]
[BlackTeam "Scotland"]
[WhiteTeamCountry "POR"]
[BlackTeamCountry "SCO"]

1. e4 c5 2. Nc3 Nc6 3. g3 g6 4. Bg2 Bg7 5. d3 d6 6. f4 e6 7. Nf3 Nge7 8. Be3
Qb6 9. Rb1 d5 10. exd5 exd5 11. Bf2 Bf5 12. O-O d4 13. Ne4 Rd8 14. Nfd2 Be6 15.
Re1 h6 16. Qe2 Bxa2 17. Nd6+ Rxd6 18. Bxc6+ Rxc6 1-0

[Event "43. Olimpiada Batumi 2018 Femenina"]
[Site "Batumi GEO"]
[Date "2018.10.03"]
[Round "9.1"]
[White "Liu, Yang Hazel"]
[Black "Berend, Elvira"]
[Result "0-1"]
[WhiteElo "2064"]
[BlackElo "2300"]
[PlyCount "134"]
[EventDate "2018.09.24"]
[EventType "team-swiss"]
[EventRounds "11"]
[EventCountry "GEO"]
[SourceTitle "Ajedrez en Madrid"]
[Source "lmi"]
[SourceDate "2018.09.24"]
[WhiteTeam "Singapore"]
[BlackTeam "Luxembourg"]
[WhiteTeamCountry "SIN"]
[BlackTeamCountry "LUX"]

1. d4 Nf6 2. Bf4 e6 3. Nf3 c5 4. e3 Be7 5. Nbd2 b6 6. Bd3 Bb7 7. c3 O-O 8. O-O
cxd4 9. cxd4 Nd5 10. Bg3 f5 11. Qb1 Nb4 12. Be2 Ba6 13. Bxa6 N4xa6 14. Nc4 d6
15. a3 b5 16. Ncd2 Nc7 17. Ne1 Nd7 18. Nd3 Nf6 19. h3 Qd7 20. Rc1 Rac8 21. Qa2
Ncd5 22. Nf3 Ne4 23. Bh2 g5 24. Nfe1 a5 25. Rxc8 Rxc8 26. Rc1 Rxc1 27. Nxc1 Qc8
28. Ncd3 Kf7 29. Qb3 Qc4 30. Qd1 Kg7 31. Qc2 Qxc2 32. Nxc2 Nd2 33. f3 Nb6 34.
Kf2 Nb3 35. Ke2 Nc4 36. Nce1 Bf6 37. Nc2 Kf7 38. Bg1 e5 39. dxe5 Nxe5 40. Nd4
Nxd4+ 41. exd4 Nc4 42. Kd1 Ke6 43. Kc2 Kd5 44. Kc3 f4 45. Ne1 Nb6 46. Nc2 Na4+
47. Kb3 h5 48. Bf2 g4 49. hxg4 hxg4 50. fxg4 Ke4 51. Ne1 Bxd4 52. Bxd4 Kxd4 53.
Nf3+ Kd3 54. g5 Nc5+ 55. Ka2 a4 56. g6 Ne6 57. Kb1 Ng7 58. Ng5 d5 59. Kc1 Ke3
60. Nh3 d4 61. Kd1 d3 62. Ke1 Ne6 63. Kd1 Ng7 64. Ke1 d2+ 65. Kd1 Ne6 66. Nxf4
Nxf4 67. g7 Nd3 0-1

[Event "43. Olimpiada Batumi 2018 Femenina"]
[Site "Batumi GEO"]
[Date "2018.10.03"]
[Round "9.2"]
[White "Aghabekian, Liana"]
[Black "Hng, Mei-En Emmanuelle"]
[Result "1/2-1/2"]
[WhiteElo "2188"]
[BlackElo "2020"]
[PlyCount "166"]
[EventDate "2018.09.24"]
[EventType "team-swiss"]
[EventRounds "11"]
[EventCountry "GEO"]
[SourceTitle "Ajedrez en Madrid"]
[Source "lmi"]
[SourceDate "2018.09.24"]
[WhiteTeam "Luxembourg"]
[BlackTeam "Singapore"]
[WhiteTeamCountry "LUX"]
[BlackTeamCountry "SIN"]

1. e4 c5 2. Nf3 e6 3. d4 cxd4 4. Nxd4 a6 5. Nc3 Qc7 6. Bd3 b5 7. O-O Bb7 8. Re1
d6 9. Bg5 Nf6 10. Bxf6 gxf6 11. a4 b4 12. Na2 Nc6 13. Nxc6 Qxc6 14. Nxb4 Qc5
15. c3 Rg8 16. Qe2 a5 17. Bb5+ Ke7 18. Nc2 f5 19. Bd3 Bg7 20. Qe3 Qxe3 21. Rxe3
Be5 22. g3 f4 23. Ree1 fxg3 24. hxg3 Bxg3 25. Kf1 Be5 26. Ne3 Bc6 27. Bc2 Bb7
28. Ke2 Rab8 29. Rab1 h5 30. Rh1 Rh8 31. Rh3 Bf6 32. Kd2 Rbc8 33. Rbh1 Rc5 34.
f4 h4 35. Ng4 Rch5 36. Nxf6 Kxf6 37. b4 Ke7 38. bxa5 Rxa5 39. Rxh4 Rha8 40. Rh8
Rxh8 41. Rxh8 Bc6 42. Rh1 d5 43. e5 d4 44. Rc1 Bxa4 45. cxd4 Bxc2 46. Rxc2 Ra3
47. Rc3 Ra7 48. Ke3 f6 49. Kf3 fxe5 50. dxe5 Ra1 51. Rc7+ Kd8 52. Rb7 Re1 53.
Kg4 Rg1+ 54. Kh5 Ke8 55. Kh6 Rg4 56. Rb4 Ke7 57. Kh5 Rg1 58. Rb7+ Ke8 59. Ra7
Kd8 60. Rf7 Ke8 61. Rf6 Ke7 62. Rg6 Rh1+ 63. Kg5 Rg1+ 64. Kh6 Rh1+ 65. Kg7 Rh4
66. Rf6 Rg4+ 67. Kh6 Rg1 68. Kh7 Rg4 69. Kh6 Rg1 70. Kh5 Rg2 71. Rh6 Rh2+ 72.
Kg6 Rg2+ 73. Kh7 Rg4 74. Rf6 Rg1 75. Rg6 Rh1+ 76. Kg8 Rh4 77. Rg7+ Ke8 78. f5
exf5 79. Ra7 Rg4+ 80. Kh7 Re4 81. Kg6 Rxe5 82. Kf6 Rb5 83. Ke6 Rb6+ 1/2-1/2

[Event "43. Olimpiada Batumi 2018 Femenina"]
[Site "Batumi GEO"]
[Date "2018.10.03"]
[Round "9.3"]
[White "Siew, Kai Xin"]
[Black "Steil-Antoni, Fiona"]
[Result "0-1"]
[WhiteElo "1751"]
[BlackElo "2143"]
[PlyCount "90"]
[EventDate "2018.09.24"]
[EventType "team-swiss"]
[EventRounds "11"]
[EventCountry "GEO"]
[SourceTitle "Ajedrez en Madrid"]
[Source "lmi"]
[SourceDate "2018.09.24"]
[WhiteTeam "Singapore"]
[BlackTeam "Luxembourg"]
[WhiteTeamCountry "SIN"]
[BlackTeamCountry "LUX"]

1. d4 d5 2. c4 e6 3. Nf3 Nf6 4. Bg5 Be7 5. e3 O-O 6. Nc3 h6 7. Bh4 b6 8. Rc1
Bb7 9. cxd5 exd5 10. Bd3 Ne4 11. Bxe7 Qxe7 12. Qb3 Rd8 13. O-O c5 14. Qa3 Qf6
15. b3 Nd7 16. Rc2 g5 17. Ne2 h5 18. Nd2 Nd6 19. Qb2 Qe6 20. Nf3 f6 21. Rcc1 h4
22. h3 Kf7 23. Rfe1 Rg8 24. Qd2 Rac8 25. Nc3 g4 26. Nxh4 gxh3 27. g3 Ne4 28.
Nxe4 dxe4 29. Bc4 Bd5 30. Kh2 Rg5 31. Red1 Bxc4 32. bxc4 Rh8 33. dxc5 Ne5 34.
Qd6 Ng4+ 35. Kg1 Rxc5 36. Qf4 Rhc8 37. Rd6 Rxc4 38. Rf1 Qe5 39. Rd7+ Ke6 40.
Re7+ Kxe7 41. Ng6+ Kf7 42. Nxe5+ Nxe5 43. Kh2 Nf3+ 44. Kxh3 Rh8+ 45. Kg4 Ne5+
0-1

[Event "43. Olimpiada Batumi 2018 Femenina"]
[Site "Batumi GEO"]
[Date "2018.10.03"]
[Round "9.4"]
[White "Blond Hanten, Elsa"]
[Black "Hng, Mei-Xian Eunice"]
[Result "1-0"]
[WhiteElo "1635"]
[BlackElo "1687"]
[PlyCount "79"]
[EventDate "2018.09.24"]
[EventType "team-swiss"]
[EventRounds "11"]
[EventCountry "GEO"]
[SourceTitle "Ajedrez en Madrid"]
[Source "lmi"]
[SourceDate "2018.09.24"]
[WhiteTeam "Luxembourg"]
[BlackTeam "Singapore"]
[WhiteTeamCountry "LUX"]
[BlackTeamCountry "SIN"]

1. e4 c5 2. Nf3 e6 3. c3 Nf6 4. e5 Nd5 5. d4 Nc6 6. c4 Ndb4 7. dxc5 a5 8. Nc3
Bxc5 9. a3 Na6 10. Nb5 O-O 11. Bd3 f6 12. exf6 Qxf6 13. O-O h6 14. Re1 b6 15.
Rb1 Bb7 16. Be4 Rad8 17. b3 Qf7 18. Nd6 Bxd6 19. Qxd6 Nc5 20. Bc2 Rc8 21. b4
axb4 22. axb4 Nxb4 23. Rxb4 Bxf3 24. gxf3 Qxf3 25. Qg3 Qc6 26. Bxh6 Rf7 27. Be3
Ne4 28. Qh4 Nf6 29. Bg6 Rff8 30. Bxb6 Qd6 31. Reb1 Ra8 32. Bd4 e5 33. c5 Qd5
34. Be3 Ra6 35. Bg5 Rc8 36. Rb8 Ra8 37. Rxc8+ Rxc8 38. Bxf6 gxf6 39. Qh7+ Kf8
40. Qh8+ 1-0

[Event "43. Olimpiada Batumi 2018 Femenina"]
[Site "Batumi GEO"]
[Date "2018.10.03"]
[Round "9.1"]
[White "Hoshino, Karen"]
[Black "Goossens, Hanne"]
[Result "0-1"]
[WhiteElo "1945"]
[BlackElo "2220"]
[PlyCount "94"]
[EventDate "2018.09.24"]
[EventType "team-swiss"]
[EventRounds "11"]
[EventCountry "GEO"]
[SourceTitle "Ajedrez en Madrid"]
[Source "lmi"]
[SourceDate "2018.09.24"]
[WhiteTeam "Japan"]
[BlackTeam "Belgium"]
[WhiteTeamCountry "JPN"]
[BlackTeamCountry "BEL"]

1. d4 Nf6 2. c4 e6 3. Nc3 Bb4 4. e3 O-O 5. Nge2 Re8 6. a3 Bf8 7. d5 a5 8. Ng3
Na6 9. Be2 Nc5 10. O-O a4 11. e4 exd5 12. exd5 d6 13. Be3 Nb3 14. Rb1 Bd7 15.
h3 h6 16. Bd3 Qc8 17. Kh2 Ra5 18. Bc2 Nc5 19. Bxc5 dxc5 20. Bxa4 Bxa4 21. Nxa4
Bd6 22. Nc3 h5 23. Kg1 h4 24. Nge2 Qf5 25. Qd2 Raa8 26. Nb5 Qe4 27. Nxd6 cxd6
28. Nf4 Qxc4 29. Rbc1 Qe4 30. Rfe1 Qf5 31. Rxe8+ Rxe8 32. b4 b6 33. Ne2 Qxd5
34. Qc2 Qe5 35. Nc3 d5 36. bxc5 bxc5 37. a4 Rd8 38. Qd2 d4 39. Re1 Qd6 40. Nb5
Qc6 41. Qf4 d3 42. Qxh4 c4 43. Nc3 Qc7 44. Qg5 d2 45. Rd1 Rd3 46. Rxd2 Rxc3 47.
Ra2 Ne4 0-1